[Event "LSS RE-2009-0-00031"]
[White "Stadler, Pavel"]
[Black "Mosatidis, Theodorus"]
[Site "LSS email"]
[Round "?"]
[Result "0-1"]
[Date "2009.11.27"]
[WhiteElo "1136"]
[BlackElo "1194"]
[PlyCount "48"]
[EventDate "2009.09.05"]
[EventType "tourn (corr)"]
[EventRounds "6"]
[EventCountry "GER"]
[SourceTitle "Telechess CBM 137"]
[Source "ChessBase"]
[SourceDate "2010.07.15"]
[SourceVersion "1"]
[SourceVersionDate "2010.07.15"]
[SourceQuality "1"]

1. e4 c5 2. Nf3 d6 3. d4 cxd4 4. Nxd4 Nf6 5. Nc3 a6 6. Be2 e5 7. Nb3 Be7 8. Be3 Be6 9. 0-0 0-0 10. h3 Nc6 11. Qd2 Rc8 12. Rad1 h6 13. f4 b5 14. f5 Bc4 15. Bxc4 bxc4 16. Nc1 Nb8 17. Rf3 Kh7 18. g4 Nc6 19. N1e2 Qc7 20. Ng3 Qb7 21. b3 Nd4 22. Bxd4 exd4 23. Qxd4 d5 24. exd5 Bc5 0-1